Statistics for Odd One Out #3

Click here to take the quiz!

General Stats

  • This quiz has been taken 28 times
  • The average score is 40 of 45

Answer Stats

QuestionTileSelect% Correct
Google servicesDocsNo
100%
Male ArtistsDrakeNo
100%
Male ArtistsFrank OceanNo
100%
Male ArtistsHarry StylesNo
100%
Male ArtistsMichael JacksonNo
100%
Google servicesSlidesNo
100%
Google servicesSupportNo
100%
Male ArtistsZAYNNo
100%
Soft desserts (at room temperature)CheesecakeNo
96%
Google servicesChromeNo
96%
Google servicesClassroomNo
96%
Google servicesMapsNo
96%
Male ArtistsPost MaloneNo
96%
Google servicesSheetsNo
96%
Male ArtistsTravis ScottNo
96%
Male ArtistsZach BryanNo
96%
Soft desserts (at room temperature)Apple PieNo
92%
Motor companiesBentleyNo
92%
Motor companiesBugattiNo
92%
Motor companiesChevroletNo
92%
Soft desserts (at room temperature)DonutNo
92%
Motor companiesHondaNo
92%
Motor companiesKiaNo
92%
Motor companiesMcLarenNo
92%
Motor companiesMitsubishiNo
92%
Gaming consolesNintendo 64No
92%
Gaming consolesNintendo SwitchNo
92%
Gaming consolesPS3No
92%
Gaming consolesXbox 360No
92%
Google servicesBardNo
88%
Male ArtistsBillie EilishYes
88%
Soft desserts (at room temperature)BrownieNo
88%
Gaming consolesGame Boy ColorNo
88%
Motor companiesNASAYes
88%
Motor companiesTeslaNo
88%
Gaming consolesWii UNo
88%
Soft desserts (at room temperature)BeignetNo
85%
Soft desserts (at room temperature)Ice Cream CakeNo
85%
Gaming consolesAtari 2800No
81%
Gaming consolesPSPNo
81%
Google servicesYahooYes
77%
Soft desserts (at room temperature)Ice CreamNo
73%
Soft desserts (at room temperature)ChurroNo
69%
Gaming consolesSpectrum MobileYes
65%
Soft desserts (at room temperature)Funnel CakeYes
8%

Score Distribution

Percentile by Number Answered

Percent of People with Each Score

Your Score History

You have not taken this quiz